Países começados por M - Statistics

Estatísticas Gerais
  • Esse quiz foi jogado 55 vezes
  • A pontuação média é 13 de 18
Estatísticas das Respostas
Resposta % Correto
Marrocos
89%
Mauritânia
89%
México
87%
Maurícia
80%
Mali
76%
Macedónia do Norte
73%
Mónaco
73%
Mongólia
73%
Madagáscar
71%
Maldivas
71%
Malásia
69%
Moldávia
67%
Malta
64%
Moçambique
62%
Myanmar
62%
Montenegro
60%
Malawi
58%
Micronésia
44%
Nenhum quiz correspondente encontrado
Distribuição das Pontuações
Porcentagem de Pessoas com Cada Pontuação
Percentil de Números Respondidos
Sua Pontuação Histórica
Você não jogou esse quiz